000 00564nam a2200205 i 4500
001 44434
003 ES-MaACL
005 20230906161029.0
007 t|
008 030321s1973 sp ||||1| spa d
100 1 _aClement, Daniel.
_939177
245 1 0 _aCiclismo en carretera... /
_cDaniel Clement.
260 _aBarcelona :
_bHispano Europea,
_c[1973]
300 _a175 p. :
_bil. ;
_c21 cm.
490 1 _aHerakles
700 1 _aSolé Benet, Alberto.
_9107124
830 0 _aHerakles
_9180867
852 _aES-MaACL
_jC-52509
_bR.85510
999 _c44434
_d44434